Parikh' Textbook of Medical Jurisprudence Forensic Medicine and Toxicology / (Record no. 595153)

000 -LEADER
fixed length control field 00546nam a22001697a 4500
020 ## - INTERNATIONAL STANDARD BOOK NUMBER
International Standard Book Number 9788123926469
082 ## - DEWEY DECIMAL CLASSIFICATION NUMBER
Classification number 614.1
Author Mark PAR
245 ## - TITLE STATEMENT
Title Parikh' Textbook of Medical Jurisprudence Forensic Medicine and Toxicology /
Statement of responsibility, etc. Edited by BV Subrahmanyam
250 ## - EDITION STATEMENT
Edition statement 7th Edition.
260 ## - PUBLICATION, DISTRIBUTION, ETC.
Place of publication, distribution, etc. New Delhi :
Name of publisher, distributor, etc. CBS Publishers & Distributors (pvt) Ltd,
Date of publication, distribution, etc. 2016.
300 ## - PHYSICAL DESCRIPTION
Extent 722 p. ;
Other physical details ill,
Dimensions 24 cm.
563 ## - BINDING INFORMATION
Binding note PBK.
650 ## - SUBJECT ADDED ENTRY--TOPICAL TERM
Topical term or geographic name entry element Toxicology
9 (RLIN) 2912
650 ## - SUBJECT ADDED ENTRY--TOPICAL TERM
Topical term or geographic name entry element Medical Jurisprudence
9 (RLIN) 100519
650 ## - SUBJECT ADDED ENTRY--TOPICAL TERM
Topical term or geographic name entry element Forensic Medicine
9 (RLIN) 113457
942 ## - ADDED ENTRY ELEMENTS (KOHA)
Source of classification or shelving scheme
Koha item type Book
Holdings
Withdrawn status Lost status Source of classification or shelving scheme Damaged status Not for loan Permanent Location Current Location Shelving location Date acquired Source of acquisition Cost, normal purchase price Full call number Barcode Date last seen Copy number Cost, replacement price Price effective from Koha item type
          NUST School of Health Sciences (NSHS) NUST School of Health Sciences (NSHS) General Stacks 07/07/2023 Multi-Line Books 1474.00 614.1 PAR NSHS-360 07/07/2023 c.1 2948.00 07/07/2023 Book
          NUST School of Health Sciences (NSHS) NUST School of Health Sciences (NSHS) General Stacks 07/07/2023 Multi-Line Books 1474.00 614.1 PAR NSHS-361 07/07/2023 c.2 2948.00 07/07/2023 Book
© 2023 Central Library, National University of Sciences and Technology. All Rights Reserved.